| 000 | 00459nam a2200181Ia 4500 | ||
|---|---|---|---|
| 008 | 240925s9999 xx 000 0 und d | ||
| 020 | _aNA | ||
| 082 | _a531.11 PES | ||
| 100 | _aPestel, Eduard C.; William, T. Thomson | ||
| 245 | 0 | _aDynamics | |
| 250 | _aNA | ||
| 260 |
_aNew York: _bMc Graw HIll _c,1968. |
||
| 300 |
_axiii,652p. _bNA _fOriginal |
||
| 500 | _aIncludes Index | ||
| 600 | _aHumanities & Natural Science | ||
| 650 | _aPhysics | ||
| 942 | _cBK | ||
| 999 |
_c3750 _d3750 |
||